Das Schwachsinns-Quiz - Statistiken

Allgemein
  • Dieses Quiz wurde 91 mal gespielt
  • Das Durchschnittsergebnis liegt bei 20 aus 30
Antwortstatistiken
Frage Antwort % Korrekt
Nennen Sie ein beliebiges europäisches Land! Brasilien
99%
Aus welchem Land stammt das Lieblingsessen der ganzen weiten Welt, Sushi? Peru
99%
Was ist das größte Land der Welt? Kaufland
98%
Woraus bestehen Kerzen? Diät Vitalkost
97%
Wer ist aktuell Bundeskanzler von Deutschland? Ich, nicht du!
94%
Wer hat die letzte US-Präsidentschaftswahl gewonnen? Abraham Lincoln
91%
Was ist Dänemarks einziges Nachbarland auf dem europäischen Festland? Tomatenmark
88%
Was ist das höchste politische Amt in der BRD? DDR
81%
Wie nennt man das Schweizer Pendant zu den deutschen Bundesländern? Panettone
78%
Nennen Sie ein Synonym für Erdapfel! Pantoffel
73%
Auf welchem Kontinent liegen die USA? Nordmazedonien
72%
Nennen Sie einen der erfolgreichsten Möbelkonzerne! VW
69%
Wie heißt die renommierteste deutsche Nachrichtensendung? Berlin Tag und Nacht
66%
Und wie der erste? Neustart
66%
Wie wird der letzte Tag des Jahres genannt? Rauhnächte
66%
Welcher Käfer ist rot mit schwarzen Punkten? Ladybug
65%
Welche ist die größte Insel der Welt? Helgoland
63%
Wie viel Uhr ist es gerade? Es wird Zeit
62%
Was ist die beliebteste Süßigkeit der Deutschen? Spinat
62%
Wo kann man Blumen aufbewahren, damit sie schön und dekorativ wirken? Osterhase mit Korb
60%
Was verhalf den Steinzeitmenschen, kalte, raue Nächte zu überstehen? Ungeheuer
59%
Wie lautet der Titel der weltweit beliebtesten TV-Serie? „Rote…“ Rosenblüten Teegetränk
53%
Wann wird der Tag der Deutschen Einheit zelebriert? Weihnachten
52%
Wie heißt eine deutsche Großstadt im Ruhrpott? Trinken
48%
Was ist die aktuell erfolgreichste Gruppe auf Spotify? Wildecker Herzbuben
44%
Was ist das beliebteste Quiz auf Jetpunk? Bruno Banani
43%
Welche Tiere sollen große Angst vor weißen Mäusen haben? schwarze Mäuse
43%
In welchem Gefäß kann man Kaffee kochen? Wanne
42%
Was ist ein Synonym für Kosten? Schweiß
31%
Was ist die populärste Biermarke der Welt? Corona-Virus
14%
Keine übereinstimmenden Quizze gefunden
Verteilung der Resultate
Anzahl Personen mit jedem Resultat
Perzentil nach korrekt beantworteten Fragen
Ihre Resultats-Entwicklung
Sie haben dieses Quiz noch nicht gespielt